000 00627nam a22001575i 4500
001 163830
003 ES-MaACL
005 20230906212823.0
008 000118s1852 sp |||| | spa d
040 _aCCPB | B
_bspa
_cCCPB | B
100 1 _aRodríguez Sobrino, Matías.
_998827
245 1 3 _aEl Escribano
_b: comedia original en tres actos /
_cpor Matías Rodíguez Sobrino.
260 _aMadrid :
_b[s.n.],
_c1852 (
_fJosé C. de la Peña)
300 _a71 p. ;
_c18 cm.
852 _aES-MaACL
_jF-8580(2)
_z-- Enc. pasta española
_z-- Enc. en un vol. facticio, formando parte de la col.: "Teatro español moderno", vol. 33
999 _c163830
_d163830